00000000nas##2200000za#4500
0019.511750
003CaOODSP
00520200331214929
007ta
008150406c1999||||xxc|| p #||||f|   |0eng|d
022 |a1910-2704
040 |aCaOODSP|beng
041 |aeng
041 |afre
043 |an-cn---
0861 |aHS55
1101 |aCanada.|bOffice of the Commissioner of Review Tribunals, Canada Pension Plan/Old Age Security.
24510|aCanada Pension Plan/Old Age Security review tribunals - annual report
2463 |aOCRT annual report
260 |aOttawa - Ontario : |bOffice of the Commissioner of Review Tribunals, Canada Pension Plan/Old Age Security
310 |aAnnual
3621 |a1998/1999 --
500 |aBiennal report 2002-2004.
7760#|tTribunaux de révision du Régime de pensions du Canada et de la Sécurité de la vieillesse, rapport annuel.|w(CaOODSP)9.502205
7760#|tCanada Pension Plan/Old Age Security review tribunals - annual report |w(CaOODSP)9.505800
792 |tTribunaux de révision du Régime de pensions du Canada et de la Sécurité de la vieillesse - rapport annuel |efre|w(CaOODSP)9.511751